Skoki Narciarskie - Wszystkie Kraje w PŚ, PK i FC w sezonie 2025/26 - Statystyki

Ogólne statystyki
  • Ten quiz został rozwiązany 88 razy
  • Średni wynik to 22 z 26
Statystyki odpowiedzi
Kraj % Poprawnych
Japonia
100%
Niemcy
100%
Polska
100%
Austria
99%
Czechy
99%
Stany Zjednoczone
96%
Norwegia
95%
Słowenia
95%
Finlandia
93%
Francja
93%
Słowacja
93%
Szwajcaria
92%
Estonia
91%
Kanada
91%
Szwecja
89%
Włochy
89%
Ukraina
88%
Bułgaria
87%
Chiny
87%
Turcja
87%
Korea Południowa
84%
Kazachstan
82%
Rumunia
75%
Gruzja
47%
Tajlandia
45%
Azerbejdżan
43%
Nie znaleziono quizów pasujących do podanych kryteriów
Rozkład punktacji
Procent ludzi z każdym wynikiem
Percentyl według liczby udzielonych odpowiedzi
Twoja historia wyników
Nie rozwiązałeś tego quizu